000 00703nam a2200277 a 4500
001 000108086
003 CHAP
005 20220329143956.0
008 131204s2011 flu| |r| |||1|||eng|d
010 _a104548
011 _a105520
020 _a9781439848302
040 _cCHAP
082 0 4 _a660.6
_bG32
245 0 0 _aGene biotechnology /
_cpor William Wu ...[et. al.].
250 _a3 ed.
260 3 _aBoca Raton, Fl. :
_bCRC Press,
_c2011.
300 _axxx, 545 p.
590 _aE792CSJ
_b05
_c20131204
_lUCH01
_h1143
650 1 4 _aBiotecnología.
_912878
650 1 4 _aIngeniería genética.
_958228
700 1 _aWu, William
_9124896
901 _aBK
942 _cLIBRO
942 _n0
999 _c104548
_d104548